Ética sin moral (Registro nro. 47567)

Detalles MARC
000 -ENCABEZADO
Número de control [NR] 00720nam a2200241Ia 4500
005 - FECHA Y HORA DE LA ÚLTIMA TRANSACCIÓN
control field 20260129072736.0
008 - DE LONGITUD FIJA DE DATOS DE ELEMENTOS - INFORMACIÓN GENERAL
Elementos de longitud fija [NR] 130821s2004 sp gr spa
020 ## - NUMERO INTERNACIONAL NORMALIZADO PARA LIBROS [R]
Número Internacional Normalizado del libro [NR] 8430941673
020 ## - NUMERO INTERNACIONAL NORMALIZADO PARA LIBROS [R]
Número Internacional Normalizado del libro [NR] 9788430951567
040 ## - FUENTE DE CATALOGACION [NR]
Agencia de catalogación original [NR] Co-BoUCM
Idioma de catalogación [NR] spa
Quien Cataloga David Moreno (modificó)
Quien Clasifica David Moreno (modificó)
041 00 - CODIGO DE IDIOMA [R]
Código de idioma para texto/pista de sonido o título separado [R] Español
100 1# - ASIENTO PRINCIPAL--NOMBRE PERSONAL [NR]
Nombre personal [NR] Cortina, Adela
ID Autoridad 29029
245 10 - MENCION DE TITULO [NR]
Título [NR] Ética sin moral
Mención de responsabilidad, etc. [NR] Adela Cortina
250 ## - MENCION DE EDICION [NR]
Mención de edición [NR] 5a. Ed.
260 ## - PUBLICACION, DISTRIBUCION, ETC. (PIE DE IMPRENTA) [R]
Lugar de publicación, distribución, etc. [R] Madrid (España)
Nombre del editor, distribuidor, etc. [R] Tecnos
Fecha de publicación, distribución, etc. [R] 2018
300 ## - DESCRIPCION FISICA [R]
Extensión [R] 318 páginas
650 04 - ASIENTO SECUNDARIO DE MATERIA - TERMINO TEMATICO [R]
Término temático o nombre geográfico como elemento de entrada [NR] Conservadurismo
9 (RLIN) 11676
650 04 - ASIENTO SECUNDARIO DE MATERIA - TERMINO TEMATICO [R]
Término temático o nombre geográfico como elemento de entrada [NR] Ética
9 (RLIN) 195
650 04 - ASIENTO SECUNDARIO DE MATERIA - TERMINO TEMATICO [R]
Término temático o nombre geográfico como elemento de entrada [NR] Modernidad
9 (RLIN) 19681
650 04 - ASIENTO SECUNDARIO DE MATERIA - TERMINO TEMATICO [R]
Término temático o nombre geográfico como elemento de entrada [NR] Religión y moral
9 (RLIN) 23513
942 ## - ELEMENTOS DE ENTRADA AGREGADOS (KOHA)
Tipo de ítem principal el descrito en 300a Libro
Tema principal Filosofía
Edición 10
Parte restante de la signatura top. C829e
Sistema de clasificación DEWEY
Clasificación 170
Título oculto en OPAC No
Existencias
Fecha de último préstamo Total préstamos Total Renewals Signatura topográfica Código de barras Última vez visto Volúmen / Fascículo Ejemplar Price effective from Tipo de ítem Perdido Sistema de clasificación Dañado No prestable Tipo de ítem específico Suprimido Ubicación habitual Ubicación actual Localización Fecha de creación Forma de adquisición Costo Costo de reposición
05/09/2025 13 12 170 C829e 100075000 20/01/2026 5a. Ed. Ej.1 03/02/2013 Libro Prestado DEWEY     Libro   Claustro Claustro 2do piso 28/02/2005 Compra 68660.00  
      170 C829e Ej.1 100174725 03/02/2026 10a.Ed. Ej.1 29/01/2026 Libro   DEWEY     Libro   Claustro Claustro 2do piso 29/01/2026 Donación   26000.00